Power system analysis (Record no. 1347)

000 -LEADER
fixed length control field 00590nam a2200229 a 4500
001 - CONTROL NUMBER
control field 1347
003 - CONTROL NUMBER IDENTIFIER
control field BD-DhUET
008 - FIXED-LENGTH DATA ELEMENTS--GENERAL INFORMATION
fixed length control field 931008s1994 nyua 001 0 eng
020 ## - INTERNATIONAL STANDARD BOOK NUMBER
International Standard Book Number 0070585156
020 ## - INTERNATIONAL STANDARD BOOK NUMBER
International Standard Book Number 0071133380
040 ## - CATALOGING SOURCE
Original cataloging agency DLC
Transcribing agency DLC
Modifying agency BD-DhUET
082 00 - DEWEY DECIMAL CLASSIFICATION NUMBER
Classification number 623.19
Item number GRA/1994
100 1# - MAIN ENTRY--PERSONAL NAME
Personal name Grainger, John J.
245 10 - TITLE STATEMENT
Title Power system analysis
250 ## - EDITION STATEMENT
Edition statement 1st ed.
260 ## - PUBLICATION, DISTRIBUTION, ETC. (IMPRINT)
Place of publication, distribution, etc. New York
Name of publisher, distributor, etc. McGraw-Hill
Date of publication, distribution, etc. 1994
300 ## - PHYSICAL DESCRIPTION
Extent xix, 787 p.
Other physical details ill.
504 ## - BIBLIOGRAPHY, ETC. NOTE
Bibliography, etc Includes bibliographies
650 #0 - SUBJECT ADDED ENTRY--TOPICAL TERM
Topical term or geographic name as entry element Electric power systems-Management
700 1# - ADDED ENTRY--PERSONAL NAME
Personal name Stevenson, William D.
942 ## - ADDED ENTRY ELEMENTS (KOHA)
Koha item type General Book
Holdings
Sublocation or collection (holding branch) Not for loan Piece designation (barcode) Koha date last seen Koha out on loan Lost status Koha item type Damaged status Withdrawn status Shelving location Koha date last borrowed Location (home branch) Copy number Koha normalized classification for sorting Koha full call number Price effective from Koha renewals Koha issues (times borrowed) Date acquired Source of classification or shelving scheme
Central Library, BUET 1039602024-06-01  General Book  Circulation section2024-03-04Central Library, BUET1623_000000000000000_19GRA1994623.19/GRA/19942014-09-03 52014-09-03 
Central Library, BUET 1039612020-01-14  General Book  Circulation section2019-05-06Central Library, BUET2623_000000000000000_19GRA1994623.19/GRA/19942014-09-03 12014-09-03 
Central Library, BUET 1039622025-11-03  General Book  Circulation section2025-07-13Central Library, BUET3623_000000000000000_19GRA1994623.19/GRA/19942014-09-03132014-09-03 
Central Library, BUET 1039632025-04-22  General Book  Circulation section2019-10-21Central Library, BUET4623_000000000000000_19GRA1994623.19/GRA/19942014-09-03 12014-09-03 
Central Library, BUET 1039642023-11-272023-12-11 General Book  Circulation section2023-11-27Central Library, BUET5623_000000000000000_19GRA1994623.19/GRA/19942014-09-03 12014-09-03 
Central Library, BUET 1039652016-01-26  General Book  Circulation section Central Library, BUET6623_000000000000000_19GRA1994623.19/GRA/19942014-09-03  2014-09-03 
Central Library, BUET 1039662021-12-13  General Book  Circulation section2021-02-13Central Library, BUET7623_000000000000000_19GRA1994623.19/GRA/19942014-09-03212014-09-03 
Central Library, BUET 1039672022-02-062023-02-06 General Book  Circulation section2022-02-06Central Library, BUET8623_000000000000000_19GRA1994623.19/GRA/19942014-09-03 22014-09-03 
Central Library, BUET 1039682025-05-032025-05-17 General Book  Circulation section2025-05-03Central Library, BUET9623_000000000000000_19GRA1994623.19/GRA/19942014-09-03 52014-09-03 
Central Library, BUET 895292015-06-21  Reading Item  Reading section Central Library, BUET10623_190000000000000_GRA_1994623.19/GRA/19942015-06-21  2015-06-21 
Central Library, BUET 911382015-06-21  Reading Item  Reading section Central Library, BUET11623_190000000000000_GRA_1994623.19/GRA/19942015-06-21  2015-06-21 
Central Library, BUET 907772015-07-02  Reading Item  Reading section Central Library, BUET12623_190000000000000_GRA_1994623.19/GRA/19942015-07-02  2015-07-02